[Event "Corsica-chT"]
[Site "Travo"]
[Date "2006.03.??"]
[Round "2.1"]
[White "Bono, Patrick"]
[Black "Giudicelli, Bernard"]
[Result "0-1"]
[WhiteElo "1750"]
[BlackElo "1499"]
[PlyCount "74"]
[EventDate "2006.04.09"]
[EventType "team"]
[EventRounds "3"]
[EventCountry "FRA"]
[SourceTitle "EXT 2007"]
[Source "ChessBase"]
[SourceDate "2006.11.23"]
[SourceVersion "1"]
[SourceVersionDate "2006.11.23"]
[SourceQuality "1"]

1. d4 Nf6 2. Nc3 d5 3. Nf3 Bg4 4. e3 e6 5. Be2 c5 6. 0-0 Nc6 7. h3 Bh5 8. b3 Bxf3 9. Bxf3 cxd4 10. exd4 Rc8 11. Bb2 Be7 12. Ne2 b5 13. c3 a5 14. Qd2 0-0 15. Ng3 Qb6 16. Rac1 Rfd8 17. Rfd1 Rd7 18. Be2 Rdc7 19. Qd3 Na7 20. Rc2 Nd7 21. Rdc1 Qd6 22. Re1 Nb6 23. Bc1 b4 24. Bd2 bxc3 25. Bc1 Qb4 26. Bf4 Bd6 27. Bxd6 Qxd6 28. Nh5 Nd7 29. Bg4 g6 30. Ng3 Nf6 31. Bd1 Kg7 32. Re5 Qb4 33. Qe3 Nb5 34. Qg5 Qxd4 35. Rce2 Qxd1+ 36. Kh2 Rc6 37. Qh4 c2 0-1